000 00324nam a2200121Ia 4500
008 240624s9999 xx 000 0 und d
041 _aeng
082 _a004 BIG
100 _aBIGELOW STEPHEN J
245 _aPC TROUBLESHOOTING AND REPAIR THE ULTIMA
260 _c2004
_aNew Delhi
_bWiley Dreamtech India
300 _alxxiv, : 1552
999 _c957
_d957